Soccer World Cup Participant ? #3 - Statistics

General Stats
  • This quiz has been taken 16 times
    10 since last reset
  • The average score is 14 of 15
Answer Stats
Hint Answer % Correct
Peru Correct
100%
Russia Correct
100%
Serbia Correct
100%
Spain Correct
100%
Ireland Correct
100%
Egypt Correct
100%
South Africa Correct
90%
South Korea Correct
90%
El Salvador Correct
90%
Senegal Correct
90%
Jamaica Correct
90%
Ethiopia False
90%
Malaysia False
90%
Fiji False
90%
Cuba Correct
80%
No matching quizzes found
Score Distribution
Percent of People with Each Score
Percentile by Number Answered
Your Score History
You have not taken this quiz since the last reset